Human rights in a post-human world: Critical essays (Record no. 154352)

MARC details
000 -LEADER
fixed length control field 00386nam a2200145Ia 4500
008 - FIXED-LENGTH DATA ELEMENTS--GENERAL INFORMATION
fixed length control field 230917s9999||||xx |||||||||||||| ||und||
040 ## - CATALOGING SOURCE
-- 151775
Original cataloging agency VIVEKANANDA LIBRARY
041 ## - Language
-- English
082 ## - DDC NUMBER
Classification number 342.7 B33H
100 ## - MAIN ENTRY--PERSONAL NAME
Personal name Baxi, Upendra
245 #0 - TITLE STATEMENT
Title Human rights in a post-human world: Critical essays
260 ## - PUBLICATION, DISTRIBUTION, ETC. (IMPRINT)
Place of publication, distribution, etc New Delhi
Name of publisher, distributor, etc Oxford University Press
Date of publication, distribution, etc 209
300 ## - PHYSICAL DESCRIPTION
Pages 249 p.
942 ## - ADDED ENTRY ELEMENTS (KOHA)
Koha item type Books
Holdings
Withdrawn status Lost status Damaged status Not for loan Location (home branch) Sublocation or collection (holding branch) Date acquired Koha issues (times borrowed) Koha full call number Accession No. Koha date last seen Koha item type
        VIVEKANANDA LIBRARY VIVEKANANDA LIBRARY 07/04/2010   342.7 B33H 280659 17/09/2023 Books
        VIVEKANANDA LIBRARY VIVEKANANDA LIBRARY 07/04/2010 2 342.7 B33H 295985 29/09/2025 Books
        VIVEKANANDA LIBRARY VIVEKANANDA LIBRARY 07/04/2010   342.7 B33H 317711 17/09/2023 Books
        VIVEKANANDA LIBRARY VIVEKANANDA LIBRARY 07/04/2010   342.7 B33H 331427 17/09/2023 Books
© Designed and Maintained by Vivekananda Library, MDU Rohtak